000 00308 a2200145 4500
001 47471
020 _a9788566642544
040 _cAnchieta - Aquarius
100 _aOram, Hiawyn
240 1 0 _aNo sotão
_lpor
245 1 0 _aNo sotão
362 0 _a2017
650 4 _aLiteratura infanto-juvenil
942 _cBK
999 _c47471
_d47471